00947nam a2200205 a 450000100100000000500170001000800410002704000250006808200160009311000720010924500860018126000370026730000200030449000640032470000310038883000710041995201140049095201200060499900170072400002899120200930055249.0110415s1989 dr 000 0 spa d aDO-SdBNPbspacBNPHU axxxbC3978a2 aCentro Nacional de Investigaciones en Salud Materno Infantil95575710aPliegue cutáneo en niños dominicanos bien nutridos /ceditor Hugo R. Mendoza. aSanto Domingo :bCENISMI,c1989. a43 p. ;c28 cm.1 aInvestigaciones en nutriciónapublicaciones técnicasv31 aMendoza, Hugo R.eed96390 0aInvestigaciones en nutriciónppublicaciones técnicasv3955916 0010718PDaPDbPDcCTd2011-04-13iLF1l0oxxx C3978ap28991-10r2020-06-25w2020-06-25yLFPDZNo se presta 0010718PDaPDbPDcCTd2011-05-03iLF1l0oxxx C3978ap28991-20r2020-06-25te. 2w2020-06-25yLFPDZNo se presta c28483d28483